000
00301nam a2200133Ia 4500
008
100328s9999 xx 000 0 und d
082
_b
2469
100
_a
Murphy James
245
_a
Adolf Hitler
260
_b
Chapman And Hall
630
_a
Adolf Hitler
730
_a
Adolf Hitler
942
_c
BOOK
999
_c
498682
_d
498679